Administración estratégica : un enfoque integrado
| Main Authors: | , |
|---|---|
| Format: | Section = Libro |
| Language: | Undetermined Spanish |
| Published: |
México
McGraw-Hill
2005
|
| Subjects: |
| LEADER | 00680nam a2200229Ia 4500 | ||
|---|---|---|---|
| 008 | 240829s9999 xx 000 0 und d | ||
| 020 | |a 970-10-4831-8 | ||
| 040 | |a BIBLIOTECA-RUSB/ 658.4012 H645 | ||
| 041 | |a spa | ||
| 082 | |a 658.4012 H645 | ||
| 100 | 1 | |a Hill, Charles W. | |
| 100 | 1 | |b Jones, Gareth R | |
| 245 | 1 | 0 | |a Administración estratégica : un enfoque integrado |
| 260 | |a México |b McGraw-Hill |c 2005 | ||
| 300 | |a 915 p. :il. | ||
| 650 | 7 | |a ADMINISTRACION ESTRATEGICA | |
| 650 | 7 | |b PLANEACION ESTRATEGICA | |
| 650 | 7 | |c ESTRATEGIA COMPETITIVA - INDUSTRIA | |
| 650 | 7 | |d ESTUDIO DE CASOS - ADMINISTRACION ESTRATEGICA | |
| 942 | |c BK |2 ddc | ||
| 991 | |a TEXTO | ||
| 999 | |c 4122 | ||